<?xml version="1.0" encoding="UTF-8"?><?xml-stylesheet type="text/xsl" href="static/style.xsl"?><OAI-PMH xmlns="http://www.openarchives.org/OAI/2.0/" xmlns:xsi="http://www.w3.org/2001/XMLSchema-instance" xsi:schemaLocation="http://www.openarchives.org/OAI/2.0/ http://www.openarchives.org/OAI/2.0/OAI-PMH.xsd"><responseDate>2026-06-01T17:28:15Z</responseDate><request verb="GetRecord" identifier="oai:riubu.ubu.es:10259/10891" metadataPrefix="marc">https://riubu.ubu.es/oai/request</request><GetRecord><record><header><identifier>oai:riubu.ubu.es:10259/10891</identifier><datestamp>2025-09-26T22:01:21Z</datestamp><setSpec>com_10259_2699</setSpec><setSpec>col_10259_2705</setSpec></header><metadata><record xmlns="http://www.loc.gov/MARC21/slim" xmlns:doc="http://www.lyncode.com/xoai" xmlns:xsi="http://www.w3.org/2001/XMLSchema-instance" xmlns:dcterms="http://purl.org/dc/terms/" xsi:schemaLocation="http://www.loc.gov/MARC21/slim http://www.loc.gov/standards/marcxml/schema/MARC21slim.xsd">
<leader>00925njm 22002777a 4500</leader>
<datafield tag="042" ind1=" " ind2=" ">
<subfield code="a">dc</subfield>
</datafield>
<datafield tag="720" ind1=" " ind2=" ">
<subfield code="a">Alonso García, Pedro</subfield>
<subfield code="e">author</subfield>
</datafield>
<datafield tag="260" ind1=" " ind2=" ">
<subfield code="c">2024</subfield>
</datafield>
<datafield tag="520" ind1=" " ind2=" ">
<subfield code="a">Los restos que encontramos en los yacimientos arqueológicos son una ventana a la investigación del pasado. El análisis de la fauna, la tecnología y las estructuras permiten conocer como los grupos utilizaron estos espacios. En esta Tesis Doctoral analizamos los restos de fauna recuperada en los yacimientos de La Ermita (Hortigüela, España), Cueva Millán (Hortigüela, España), Prado Vargas (Cornejo, España), Covalejos (Velo de Piélagos, España) , Cueva Morín (Villanueva de Villaescusa, España), El Castillo (Puente Viesgo, España) y Payre (Rompon, Francia) en busca de industria ósea, más concretamente de retocadores óseos, que nos permita reconstruir los modos de vida de los cazadores-recolectores del Paleolítico medio en un área de vital importancia como es la región Franco-Cantábrica. Para ello la investigación se ha apoyado en un protocolo experimental donde se ha buscado conocer la influencia que tiene la utilización de las herramientas, la dominancia de la mano de los talladores y la experiencia de estos.</subfield>
</datafield>
<datafield tag="520" ind1=" " ind2=" ">
<subfield code="a">Remains recovered in archaeological sites are a window to understand the past. The analysis of fauna, technology and structures allows us to understand how these groups used these spaces. In this Doctoral Thesis we analyse the faunal remains recovered at the sites of La Ermita (Hortigüela, Spain), Cueva Millán (Hortigüela, Spain), Prado Vargas (Cornejo, Spain), Covalejos (Velo de Piélagos, Spain), Cueva Morín (Villanueva de Villaescusa, Spain), El Castillo (Puente Viesgo, Spain) and Payre (Rompon, France) in search of bone industry, more specifically bone retouchers, which would allow us to reconstruct hunter-gatherer subsistence strategies during the Middle Palaeolithic in an area of vital importance such as the French-Cantabrian inland. To this end, the research was supported by an experimental protocol that sought to determine the influence of the use of tools, the dominance of the knappers' hands and their expertise.</subfield>
</datafield>
<datafield tag="024" ind2=" " ind1="8">
<subfield code="a">https://hdl.handle.net/10259/10891</subfield>
</datafield>
<datafield tag="024" ind2=" " ind1="8">
<subfield code="a">10.36443/10259/10891</subfield>
</datafield>
<datafield ind1=" " ind2=" " tag="653">
<subfield code="a">Neandertales</subfield>
</datafield>
<datafield ind1=" " ind2=" " tag="653">
<subfield code="a">Paleolítico medio</subfield>
</datafield>
<datafield ind1=" " ind2=" " tag="653">
<subfield code="a">Industria ósea</subfield>
</datafield>
<datafield ind1=" " ind2=" " tag="653">
<subfield code="a">Retocadores óseos</subfield>
</datafield>
<datafield ind1=" " ind2=" " tag="653">
<subfield code="a">Península ibérica</subfield>
</datafield>
<datafield ind1=" " ind2=" " tag="653">
<subfield code="a">Neanderthals</subfield>
</datafield>
<datafield ind1=" " ind2=" " tag="653">
<subfield code="a">Middle Palaeolithic</subfield>
</datafield>
<datafield ind1=" " ind2=" " tag="653">
<subfield code="a">Bone tools</subfield>
</datafield>
<datafield ind1=" " ind2=" " tag="653">
<subfield code="a">Bone retouchers</subfield>
</datafield>
<datafield ind1=" " ind2=" " tag="653">
<subfield code="a">Iberian Peninsula</subfield>
</datafield>
<datafield tag="245" ind1="0" ind2="0">
<subfield code="a">Use and selection of bones as raw materials to create tools during the Middle Palaeolithic. Bone retouchers in the Franco-Cantabrian inland</subfield>
</datafield>
</record></metadata></record></GetRecord></OAI-PMH>